Kpop Fandom Name Quiz - Statistics

General Stats
  • This quiz has been taken 2,607 times
  • The average score is 11 of 21
Answer Stats
Fanbase Artist % Correct
A.R.M.Y. BTS
100%
EXO-L EXO
99%
I-GOT7 Got7
98%
Moomoo Mamamoo
91%
Carat Seventeen
84%
VIP Big Bang
74%
Shawols SHINee
68%
Pink Panda Apink
66%
Monbebe Monsta X
65%
Wonderfuls Wonder Girls
57%
Say A Miss A
56%
Black Jacks 2ne1
55%
Aileeans Ailee
43%
Melody Btob
38%
Elvis AOA
37%
B2UTY Beast
30%
Starlight VIXX
29%
Cassiopeia TVXQ
27%
Storia History
10%
A+ MBLAQ
9%
Darling Dal Shabet
4%
No matching quizzes found
Score Distribution
Percent of People with Each Score
Percentile by Number Answered
Your Score History
You have not taken this quiz